000
00332 a2200169 4500
001
186594
020
_a
85-08-06170-4
040
_c
Magnum
100
_a
Ungere, Tomi
240
1
0
_a
O chapéu
_l
por
245
1
0
_a
O chapéu
300
_a
30
362
0
_a
1996
440
1
_a
Ática
697
_a
LITERATURA INFANTO
942
_c
BK
999
_c
186594
_d
186594